Vista normal
Vista MARC
Entrada Nombre corporativo
Número de registros utilizados en: 65
001 - NÚMERO DE CONTROL
- Campo de control: 3800
003 - IDENTIFICADOR DE NÚMERO DE CONTROL
- Campo de control: ES-MaCES
005 - FECHA Y HORA DE LA ULTIMA MODIFICACION
- Campo de control: 20060921142400.0
008 - ELEMENTOS DE DATOS DE LONGITUD FIJA
- Campo de longitud fija: 010403 | azznnaabn || ana d
035 ## - NÚMERO DE CONTROL DEL SISTEMA
- Número de control del sistema: CES20010000741e
040 ## - FUENTE DE LA CATALOGACIÓN
- Agencia original de catalogación: ES-MaCES
- Idioma de catalogación: spa
- Agencia de transcripción: ES-MaCES
110 2# - ENCABEZAMIENTO--NOMBRE CORPORATIVO
- Nombre corporativo o de jurisdicción como elemento de entrada: Fundación de las Cajas de Ahorros
410 2# - TRAZADO VEÁSE--NOMBRE CORPORATIVO
- Nombre corporativo o de jurisdicción como elemento de entrada: FUNCAS
410 2# - TRAZADO VEÁSE--NOMBRE CORPORATIVO
- Nombre corporativo o de jurisdicción como elemento de entrada: Fundación de las Cajas de Ahorros Confederadas
410 2# - TRAZADO VEÁSE--NOMBRE CORPORATIVO
- Nombre corporativo o de jurisdicción como elemento de entrada: Fundación de las Cajas de Ahorros
- Unidad subordinada: Gabinete de Coyuntura y Estadística
510 2# - TRAZADO VEÁSE ADEMÁS--NOMBRE CORPORATIVO
- Nombre corporativo o jurisdicción como elemento de entrada: Fundación de las Cajas de Ahorros Confederadas para la Investigación Económica y Social
670 ## - FUENTE DE DATOS ENCONTRADOS
- Fuente de citación: Biblioteca Nacional
- Información encontrada: : anteriormente v.a., Fundación de las Cajas de Ahorros Confederadas para la Investigación Económica y Social
901 ## - CES. DATOS SIRTEX
- ID Sirtex (N5N8): 0001800004814
- 005BIS Sirtex: 200104031043ALORITE

